| 000 | 01318cam a2200361 a 4500 | ||
|---|---|---|---|
| 001 | 15578791 | ||
| 003 | OSt | ||
| 005 | 20231110141443.0 | ||
| 008 | 090108s2007 su b 000 0 eng d | ||
| 010 | _a 2008416762 | ||
| 020 | _a9960981312 | ||
| 020 | _a9789960981314 | ||
| 035 | _a(OCoLC)ocn219447142 | ||
| 040 |
_aHLS _cHLS _dDLC |
||
| 041 | 1 |
_aeng _hara |
|
| 042 |
_alccopycat _alcode |
||
| 050 | 0 | 0 |
_aBP161.3 _b.H358 2007 |
| 082 |
_a297 _bHAS/I |
||
| 100 | 1 |
_aHāshimī, Muḥammad ʻAlī _99896 |
|
| 240 | 1 | 0 |
_aMujtamaʻ al-Muslim ka-mā yabnīhi al-Islām fī al-Kitāb wa-al-Sunnah. _lEnglish |
| 245 | 1 | 4 |
_aThe ideal Muslim society : _bas defined in the Qurʼan and Sunnah = Mujtamaʻ al-Muslim / _cMuhammad ʻAlī al-Hashimi ; translated by Nasiruddin al-Khattab. |
| 246 | 1 | 1 | _aMujtamaʻ al-Muslim |
| 250 | _a1st ed. | ||
| 260 |
_aRiyadh : _bInternational Islamic Publishing House, _c2007. |
||
| 300 |
_a544 p. ; _c22 cm. |
||
| 504 | _aIncludes bibliographical references. | ||
| 546 | _aTranslated from Arabic. | ||
| 650 | 0 |
_aIslam _y21st century. |
|
| 650 | 0 | _aIslam and state. | |
| 906 |
_a7 _bcbc _ccopycat _d3 _encip _f20 _gy-gencatlg |
||
| 942 |
_2ddc _cBK _h297 _iHAS/I _k297 _mHAS/I |
||
| 999 |
_c43034 _d43034 |
||